000 00651nam a2200217 i 4500
001 30178
003 ES-MaACL
007 t|
008 030123s1985 sp ||||1| spa d
020 _a84-01-38051-0
100 _aBarrios, Manuel,
_d1924-2012
_9235239
245 1 0 _aMemorial del diablo en el convento /
_cManuel Barrios.
250 _a[1ª ed.].
260 _aEsplugues de Llobregat (Barcelona) :
_bPlaza y Janés,
_c1985.
300 _a254 p. ;
_c22 cm.
490 1 _aColección literaria
500 _aIndice.
830 0 _aColección literaria
_9179831
852 _aES-MaACL
_jL-8836
_bR.109290
999 _c30178
_d30178